| 000 -CABECERA |
| Longitud fija campo de control |
00649nam a2200205 a 4500 |
| 001 - NÚMERO DE CONTROL |
| Número de control |
372 |
| 003 - IDENTIFICADOR DEL NÚMERO DE CONTROL |
| Identificador del número de control |
CDMR |
| 005 - FECHA Y HORA DE LA ÚLTIMA TRANSACCIÓN |
| Fecha y hora de la última transacción |
20131016174456.0 |
| 008 - CÓDIGOS DE INFORMACIÓN DE LONGITUD FIJA |
| Códigos de información de longitud fija |
130130s1967||||||||||||||||||||||||||||d |
| 040 ## - FUENTE DE LA CATALOGACIÓN |
| Centro catalogador de origen |
CDMR |
| Lengua de catalogación |
cat |
| Centro transcriptor |
CDMR |
| 100 1# - PUNTO DE ACCESO PRINCIPAL-NOMBRE DE PERSONA |
| Nombre de persona |
Tebbel, John |
| 9 (RLIN) |
256 |
| 245 10 - MENCIÓN DE TÍTULO |
| Título |
Breve historia del periódico norteamericano |
| Mención de responsabilidad, etc. |
John Tebbel ; traducción deenrique F. Gual |
| 246 ## - VARIANTES DE TÍTULO |
| Título propio / Título en breve |
The Compact History of the American Newspaper |
| 260 ## - PUBLICACIÓN, DISTRIBUCIÓN, ETC. (PIE DE IMPRENTA) |
| Lugar de publicación, distribución, etc. |
Barcelona |
| Fecha de publicación, distribución, etc. |
1967 |
| Nombre del editor, distribuidor, etc. |
Montaner y Simón |
| 300 ## - DESCRIPCIÓN FÍSICA |
| Extensión |
297 p ; |
| Dimensiones |
24 cm |
| 650 04 - PUNTO DE ACCESO ADICIONAL DE MATERIA - TÉRMINO DE MATERIA |
| Término de materia o nombre geográfico como elemento inicial |
Premsa |
| Subdivisión geográfica |
Estats Units |
| 9 (RLIN) |
257 |
| Subdivisión de materia general |
Història |
| 650 04 - PUNTO DE ACCESO ADICIONAL DE MATERIA - TÉRMINO DE MATERIA |
| Término de materia o nombre geográfico como elemento inicial |
Premsa i propaganda |
| 9 (RLIN) |
3176 |
| 650 04 - PUNTO DE ACCESO ADICIONAL DE MATERIA - TÉRMINO DE MATERIA |
| Término de materia o nombre geográfico como elemento inicial |
Empreses periodístiques |
| 9 (RLIN) |
311 |
| 942 ## - ENTRADA DE ELEMENTOS AGREGADOS (KOHA) |
| Koha [por defecto] tipo de item |
Monografies |
| Fuente de clasificaión o esquema |
|